Detalles MARC
| 000 -LEADER |
| fixed length control field |
01675 am a2200397 a 4500 |
| 005 - FECHA ULTIMA MODIFICACION |
| control field |
20240220110739.0 |
| 008 - CAMPO DE CONTROL (LIBRO) |
| fixed length control field |
100708s2003||||ag d f |||| 00| 0 spa d |
| 020 ## - INTERNATIONAL STANDARD BOOK NUMBER |
| ISBN |
9500608820 |
| 041 ## - CODIGO DE IDIOMA |
| Código de idioma del texto/pista de sonido o título separado |
spa |
| 092 ## - SIGNATURA TOPOGRAFICA DEWEY LOCAL |
| número de clasificación |
616.89 |
| libristica |
30 |
| sección |
GRA |
| 100 1# - ENTRADA PRINCIPAL--NOMBRE PERSONAL |
| Nombre personal |
Gratch, Luís Oscar. |
| 9 (RLIN) |
1050 |
| 245 #3 - TITULO PROPIAMENTE DICHO |
| Título |
El trastorno por déficit de atención (ADD-ADHD). |
| Subtítulo y Título paralelo |
Clínica, diagnóstico y tratamiento en la infancia, la adolescencia y la adultez / |
| Mención de responsabilidad y remanente de la transcripción de la portada |
Luís Oscar Gratch. |
| 250 ## - MENCION DE EDICION |
| Mención de edición |
1a ed. 2a reimp. |
| 260 ## - PIE DE IMPRENTA |
| Lugar de publicación, distribución, etc |
Buenos Aires: |
| Nombre de la editorial, distribuidor, etc |
Editorial Médica Panamericana; |
| Fecha de publicación |
2003. |
| 300 ## - DESCRIPCION FISICA |
| Extension |
244 p. |
| 500 ## - NOTA GENERAL |
| Nota general |
Gratch, L. O. (2003). El trastorno por déficit de atención (ADD-ADHD). Clínica, diagnóstico y tratamiento en la infancia, la adolescencia y la adultez. (1a ed.). Buenos Aires : Editorial Médica Panamericana. |
| 653 ## - TÉRMINO INDIZADO - PALABRAS CLAVES |
| Palabra clave |
Inteligencia y atención |
| 653 ## - TÉRMINO INDIZADO - PALABRAS CLAVES |
| Palabra clave |
Desorden por déficit de atención |
| 653 ## - TÉRMINO INDIZADO - PALABRAS CLAVES |
| Palabra clave |
Etiología y manifestaciones clínicas |
| 653 ## - TÉRMINO INDIZADO - PALABRAS CLAVES |
| Palabra clave |
Observación y diagnóstico |
| 653 ## - TÉRMINO INDIZADO - PALABRAS CLAVES |
| Palabra clave |
Métodos complementarios de diagnóstico |
| 653 ## - TÉRMINO INDIZADO - PALABRAS CLAVES |
| Palabra clave |
Diagnósticos diferenciales y comorbilidades |
| 653 ## - TÉRMINO INDIZADO - PALABRAS CLAVES |
| Palabra clave |
ADD-ADHD, áreas de trastornos |
| 653 ## - TÉRMINO INDIZADO - PALABRAS CLAVES |
| Palabra clave |
ADD-ADHD y el funcionamiento social y familiar |
| 653 ## - TÉRMINO INDIZADO - PALABRAS CLAVES |
| Palabra clave |
ADD-ADHD y el recorrido evolutivo desde el nacimiento hasta la adolescencia |
| 653 ## - TÉRMINO INDIZADO - PALABRAS CLAVES |
| Palabra clave |
ADD-ADHD en adultos o tipo residual |
| 653 ## - TÉRMINO INDIZADO - PALABRAS CLAVES |
| Palabra clave |
Tratamiento psicofarmacológico |
| 653 ## - TÉRMINO INDIZADO - PALABRAS CLAVES |
| Palabra clave |
Tratamiento interdisciplinario |
| 653 ## - TÉRMINO INDIZADO - PALABRAS CLAVES |
| Palabra clave |
Guía para padres |
| 653 ## - TÉRMINO INDIZADO - PALABRAS CLAVES |
| Palabra clave |
Sugerencias para maestros |
| 653 ## - TÉRMINO INDIZADO - PALABRAS CLAVES |
| Palabra clave |
Controversias y conclusiones |
| 653 ## - TÉRMINO INDIZADO - PALABRAS CLAVES |
| Palabra clave |
Datos estadísticos |
| 653 ## - TÉRMINO INDIZADO - PALABRAS CLAVES |
| Palabra clave |
Cuestionarios |
| 930 ## - NUMERO DE INVENTARIO |
| Número de inventario |
1224 |
| 942 ## - ADDED ENTRY ELEMENTS (KOHA) |
| Source of classification or shelving scheme |
Dewey Decimal Classification |
| Item type |
Libros |